00576 2200205 4500001002100000005001500021035002000036007000300056008004100059020002200100082001100122084001700133100002000150245008700170250001000257260004900267300002100316650002100337990001200358INLIS00000000000776020260529110959 a0010-0526000011ta260529 | | ind  a978-602-5945-82-3 a155.25 a155.25 ARD i1 aArdiyanti, Devi1 aI Believe I Can : Seni Meningkatkan Kepercayaan dan Kuaitas Diri /cDevi Ardiyanti aCet 1 aYogyakarta :bScritto Books Publisher,c2022 a192 hlm ;c20 cm 4aSelf Improvement a0092/26